• 首页
  • 本馆介绍
  • 公告通知
  • 最新文献
  • 馆藏检索
  • 电子资源
  • 读者导购
  • 参考咨询
  • 我的图书馆
  • 登录
  • 详细信息显示
  • 放入我的书架
  • 预约/预借图书
  • 作者相关作品
  • 分类相关作品
  • 丛书相关作品
  • 出版社相关作品

书目信息

  • 表格格式
  • 工作单格式
  • 卡片格式
题名:
人力资源战略管理
    
 
作者: 李宝元 , 王文周 , 蒯鹏州 编著
分册:  
出版信息: 北京   清华大学出版社  2013
页数: 18,443页
开本: 26cm
丛书名:
单 册:
中图分类: F272.92
科图分类:
主题词: 企业管理--人力资源管理--教材 , 企业管理 , 人力资源管理
电子资源:
ISBN: 978-7-302-31750-0
000 01122nam0 22002891 450
001 519
005 20140909091844.60
010    @a978-7-302-31750-0@dCNY46.00
100    @a20130617d2013 em y0chiy50 ea
101 0  @achi
102    @aCN@b110000
105    @aa z 000yy
106    @ar
200 1  @a人力资源战略管理@ARen Li Zi Yuan Zhan Lue Guan Li@f李宝元,王文周,蒯鹏州编著@FLi Bao Yuan, Wang Wen Zhou, Kuai Peng Zhou Bian Zhu
210    @a北京@c清华大学出版社@d2013
215    @a18,443页@c照片@d26cm
300    @a21世纪经济管理精品教材·工商管理系列
330    @a本书立足中国本土企业人力资源管理实践,紧紧围绕“以人为本,战略性激励”的现代人力资源管理核心理念和基准主线,全面、系统、周详地对人力资源管理领域最前沿的理论、思想方法和操作技术进行了“创造性转述”。
606 0  @a企业管理@x人力资源管理@j教材
606 0  @a企业管理
606 0  @a人力资源管理
690    @aF272.92@v5
701  0 @a李宝元@ALi Bao Yuan@f(1962~)@4编著
701  0 @a王文周@AWang Wen Zhou@g(企业管理)@4编著
701  0 @a蒯鹏州@AKuai Peng Zhou@4编著
801  0 @aCN@bTANGWEI@c20140603
905    @b0836805-07@dF272.92@e1038@f3
    
    人力资源战略管理/李宝元,王文周,蒯鹏州编著.-北京:清华大学出版社,2013
    18,443页:照片;26cm
    21世纪经济管理精品教材·工商管理系列
    
    ISBN 978-7-302-31750-0:CNY46.00
    本书立足中国本土企业人力资源管理实践,紧紧围绕“以人为本,战略性激励”的现代人力资源管理核心理念和基准主线,全面、系统、周详地对人力资源管理领域最前沿的理论、思想方法和操作技术进行了“创造性转述”。
●
相关链接 在E读中查询图书 在五车中查询图书 在当当中查询图书 在豆瓣中查询图书


正题名:人力资源战略管理     索取号:F272.92/1038         预约/预借

序号 登录号 条形码 馆藏地/架位号 状态 备注
1 0836805   208368050   第一样本阅览室/ [索取号:F272.92/1038] 在馆    
2 0836806   208368069   密集书库-海洋学院/ [索取号:F272.92/1038] 在馆    
3 0836807   208368078   第一借阅区/ [索取号:F272.92/1038] 在馆    
唐山师范学院图书馆 欢迎您!
大连网信软件有限公司© 版权所有